Tóm lược ngữ pháp tiếng Nga /
Đã lưu trong:
| Tác giả chính: | |
|---|---|
| Định dạng: | Sách giấy |
| Ngôn ngữ: | Vietnamese |
| Được phát hành: |
Matxcơva :
Tiếng Nga,
1983.
|
| Các nhãn: |
Thêm thẻ
Không có thẻ, Là người đầu tiên thẻ bản ghi này!
|
| Thư viện lưu trữ: | Thư viện Trường Đại học Đà Lạt |
|---|
| LEADER | 00602nam a2200265 4500 | ||
|---|---|---|---|
| 001 | DLU140163568 | ||
| 005 | ##20140818 | ||
| 040 | # | # | |a DLU |b vie |
| 041 | # | # | |a vie |
| 044 | # | # | |a vn |
| 082 | # | # | |a 491.78 |b PU-I |
| 100 | # | # | |a Punkina, I. M. |
| 245 | # | # | |a Tóm lược ngữ pháp tiếng Nga / |c I. M. Punkina. |
| 260 | # | # | |a Matxcơva : |b Tiếng Nga, |c 1983. |
| 300 | # | # | |a 382 tr. ; |c 24 cm. |
| 991 | # | # | |a GT |
| 992 | # | # | |a 0 |
| 994 | # | # | |a DLU |
| 900 | # | # | |a True |
| 911 | # | # | |a Đào Thị Thu Huyền |
| 925 | # | # | |a G |
| 926 | # | # | |a A |
| 927 | # | # | |a SH |
| 980 | # | # | |a Thư viện Trường Đại học Đà Lạt |